|
|
|
|
| LEADER |
01059nam a2200265 a 4500 |
| 001 |
2249913 |
| 008 |
090611s1978 ilu b 001 0 eng d |
| 010 |
|
|
|a \\\77083401
|
| 020 |
|
|
|a 0875812279
|
| 040 |
|
|
|a DLC
|c DLC
|d DLC
|
| 082 |
0 |
0 |
|a 361.6
|2 18
|
| 100 |
1 |
|
|a Tripodi, Tony.
|
| 245 |
1 |
0 |
|a Differential social program evaluation /
|c Tony Tripodi, Phillip Fellin, Irwin Epstein.
|
| 260 |
|
|
|a Itasca, Ill. :
|b F. E. Peacock Publishers,
|c c1978.
|
| 300 |
|
|
|a ix, 173 p. ;
|c 21 cm.
|
| 504 |
|
|
|a Includes bibliographies and index.
|
| 541 |
1 |
|
|e 00002623
|
| 650 |
|
0 |
|a Social service
|z United States
|x Evaluation.
|
| 650 |
|
0 |
|a Social change
|x Evaluation.
|
| 651 |
|
0 |
|a United States
|x Social policy
|x Evaluation.
|
| 700 |
1 |
|
|a Fellin, Phillip,
|e joint author.
|
| 700 |
1 |
|
|a Epstein, Irwin,
|e joint author.
|
| 852 |
4 |
|
|a Ayesha Abed Library
|j General shelf
|
| 999 |
|
|
|c 1298
|d 1298
|
| 952 |
|
|
|0 0
|1 0
|2 ddc
|4 0
|6 361_600000000000000_TRI
|7 0
|9 1181
|a BRACUL
|b BRACUL
|c GEN
|d 2009-06-25
|g 0.00
|l 0
|o 361.6 TRI
|p 3010002623
|r 2009-06-25
|t 1
|w 2009-06-25
|y BK
|x No price found in the accession register.
|